[Event "European Youth Chess Championship B10"]
[Site "Prague, Top Hotel Prague"]
[Date "2016.08.20"]
[Round "3.10"]
[White "Fiszer, Bartosz"]
[Black "Chyzy, Jakub"]
[Result "1/2-1/2"]
[WhiteElo "1690"]
[BlackElo "1775"]
[PlyCount "143"]
[EventDate "2016.08.18"]

1. g3 d5 2. Bg2 Nf6 3. c4 e5 4. cxd5 Nxd5 5. Nc3 Nb6 6. Nf3 Nc6 7. O-O Be7 8.
d3 O-O 9. a3 Re8 10. b4 Bf8 11. Rb1 f6 12. Be3 Be6 13. Nd2 Nd5 14. Nxd5 Bxd5
15. Bxd5+ Qxd5 16. Qb3 Rad8 17. Rbc1 Re7 18. Bc5 Red7 19. Qxd5+ Rxd5 20. Nb3
Bxc5 21. Nxc5 Nd4 22. Rfe1 b6 23. Ne4 f5 24. Nd2 Ne6 25. Rc6 R5d6 26. Rxd6 cxd6
27. Rc1 Kf7 28. Kf1 Ke7 29. Ke1 g5 30. e3 g4 31. Ke2 Kd7 32. f3 Ng5 33. a4 h5
34. Rf1 gxf3+ 35. Nxf3 Nxf3 36. Rxf3 Ke6 37. Kd2 Rh8 38. h4 Rg8 39. e4 fxe4 40.
dxe4 d5 41. exd5+ Kxd5 42. Rf5 Rxg3 43. Rxh5 Kd4 44. Rh7 Rg2+ 45. Ke1 Ke3 46.
Kf1 Rf2+ 47. Kg1 Rf4 48. h5 Rxb4 49. Rxa7 Rg4+ 50. Kf1 Rh4 51. Ra6 Rxh5 52.
Rxb6 Rh1+ 53. Kg2 Ra1 54. Rb3+ Kf4 55. Kf2 Rxa4 56. Ke2 Ra2+ 57. Ke1 e4 58. Rc3
Ke5 59. Rh3 Kf4 60. Rb3 Ra8 61. Ke2 Ra2+ 62. Ke1 Rg2 63. Kf1 Rd2 64. Ke1 Rc2
65. Ra3 Rc1+ 66. Ke2 Rh1 67. Rb3 Rh2+ 68. Ke1 Ke5 69. Rg3 Kd4 70. Ra3 Rc2 71.
Kd1 Rc4 72. Ke2 1/2-1/2

[Event "European Youth Chess Championship B10"]
[Site "Prague, Top Hotel Prague"]
[Date "2016.08.20"]
[Round "3.11"]
[White "Kirushin, Ivan"]
[Black "Piccinno, Matteo"]
[Result "0-1"]
[WhiteElo "1571"]
[BlackElo "1772"]
[PlyCount "80"]
[EventDate "2016.08.18"]

1. e4 e6 2. d4 d5 3. Nc3 Nf6 4. Bg5 Be7 5. e5 Nfd7 6. Bxe7 Qxe7 7. Nb5 Qd8 8.
Bd3 a6 9. Na3 c5 10. c3 Nc6 11. Qg4 g6 12. Nf3 cxd4 13. O-O dxc3 14. bxc3 Qe7
15. Nc2 Qc5 16. Rfe1 Qxc3 17. Rad1 Ndxe5 18. Nxe5 Nxe5 19. Qe2 Nxd3 20. Rxd3
Qc5 21. Ne3 O-O 22. Ng4 f6 23. Qf3 Kg7 24. Qh3 e5 25. Qh6+ Kg8 26. Qh4 Bxg4 27.
Qxg4 Qc8 28. Qd1 d4 29. f4 Qf5 30. Qb3+ Kh8 31. Rh3 b5 32. Qb4 Rae8 33. Rc1 Qd7
34. f5 Rc8 35. Rxc8 Rxc8 36. fxg6 Rc1+ 37. Kf2 Qf5+ 38. Rf3 Qc2+ 39. Kg3 Qxg6+
40. Kf2 Rc2+ 0-1

[Event "European Youth Chess Championship B10"]
[Site "Prague, Top Hotel Prague"]
[Date "2016.08.20"]
[Round "3.12"]
[White "Revaliente, Montoya Ciro"]
[Black "Ivanov, Artem"]
[Result "1/2-1/2"]
[WhiteElo "1768"]
[BlackElo "1689"]
[PlyCount "139"]
[EventDate "2016.08.18"]

1. e4 e6 2. d4 d5 3. e5 c5 4. c3 Qb6 5. Nf3 Nc6 6. a3 Nh6 7. b4 cxd4 8. cxd4
Nf5 9. Be3 f6 10. exf6 gxf6 11. Bd3 Nxe3 12. fxe3 Bh6 13. Qe2 a5 14. b5 Ne7 15.
a4 O-O 16. O-O e5 17. Bc2 e4 18. Nfd2 Nf5 19. Qg4+ Kh8 20. Rxf5 Bxe3+ 21. Kh1
Bxd4 22. Ra3 Qe6 23. Rg3 Qe7 24. Nc3 Bxc3 25. Rxc3 Rg8 26. Qf4 Bxf5 27. Qxf5
Rg5 28. Qf4 Qe5 29. Qxe5 Rxe5 30. Rc7 d4 31. Bxe4 f5 32. Bd3 Rae8 33. Kg1 Re1+
34. Kf2 Rd1 35. Rc2 f4 36. Be2 Ra1 37. Rc4 Rd8 38. Nb3 Rh1 39. Nxd4 Rxh2 40.
Nf3 Rh6 41. Rxf4 Kg7 42. Rc4 Rd7 43. g4 Rf6 44. Kg3 Re6 45. Kf2 Kf6 46. g5+ Kf7
47. Rf4+ Kg6 48. Bc4 Ree7 49. Rf6+ Kg7 50. Be6 Rd6 51. Nh4 Rdxe6 52. Nf5+ Kg8
53. Nxe7+ Rxe7 54. Kf3 Rc7 55. Rf4 Kg7 56. Kg4 Rc5 57. Kh5 h6 58. Rg4 Kh7 59.
Kh4 hxg5+ 60. Rxg5 Rc4+ 61. Rg4 Rxg4+ 62. Kxg4 Kg6 63. Kf4 Kf6 64. Ke4 Ke6 65.
Kd4 b6 66. Ke4 Kd6 67. Kf5 Kd5 68. Kf6 Kd6 69. Kf5 Kd5 70. Kf6 1/2-1/2

[Event "European Youth Chess Championship B10"]
[Site "Prague, Top Hotel Prague"]
[Date "2016.08.20"]
[Round "3.13"]
[White "Maneluk, Daniil"]
[Black "Pedmanson, Albert"]
[Result "0-1"]
[WhiteElo "1991"]
[BlackElo "1602"]
[PlyCount "91"]
[EventDate "2016.08.18"]

1. e4 e5 2. Nf3 Nc6 3. Bb5 Bc5 4. O-O Nd4 5. Nxd4 Bxd4 6. c3 Bb6 7. d4 c6 8.
Bc4 d6 9. Qh5 Qe7 10. Qd1 h6 11. f3 Nf6 12. Be3 O-O 13. Kh1 Be6 14. Bb3 Rfd8
15. Qe2 Rac8 16. Nd2 exd4 17. cxd4 d5 18. e5 Nd7 19. f4 Bf5 20. g4 Bh7 21. Nf3
Be4 22. Bc2 c5 23. dxc5 Bxc5 24. Bxe4 dxe4 25. Nd4 Bxd4 26. Bxd4 Qb4 27. Bc3
Qa4 28. h4 Nc5 29. g5 hxg5 30. hxg5 Rd3 31. Rf2 e3 32. Rff1 Qe4+ 33. Kg1 Rcd8
34. Rf3 Na4 35. Rc1 Nxc3 36. bxc3 Rc8 37. Rh3 Rcxc3 38. Rf1 Rd2 39. Qf3 Qd4 40.
Re1 e2+ 41. Qf2 Qxf2+ 42. Kxf2 Rxh3 43. f5 Rd1 44. Rxe2 Rh2+ 45. Ke3 Rxe2+ 46.
Kxe2 0-1

[Event "European Youth Chess Championship B10"]
[Site "Prague, Top Hotel Prague"]
[Date "2016.08.20"]
[Round "3.14"]
[White "Mizrahi, Ido"]
[Black "Stevanovic, Jovan"]
[Result "1-0"]
[WhiteElo "1827"]
[BlackElo "1584"]
[PlyCount "79"]
[EventDate "2016.08.18"]

1. d4 Nf6 2. c4 e6 3. Nc3 Bb4 4. Qc2 Nc6 5. Nf3 O-O 6. e4 Bxc3+ 7. bxc3 d6 8.
Bd3 e5 9. a3 h6 10. h3 Nh5 11. g4 Nf4 12. Bxf4 exf4 13. O-O-O Bd7 14. Rdg1 Qe7
15. h4 g6 16. Qd2 Na5 17. Qxf4 Kg7 18. e5 dxe5 19. Qxe5+ Qxe5 20. Nxe5 Be8 21.
f4 f6 22. Nf3 Bd7 23. f5 Rfe8 24. Re1 gxf5 25. gxf5 Rxe1+ 26. Rxe1 Re8 27. Rxe8
Bxe8 28. d5 Nb3+ 29. Kb2 Nc5 30. Bc2 Bh5 31. Nd4 Kf7 32. Nb5 Be2 33. Nxc7 Bxc4
34. Ne6 b6 35. Nxc5 bxc5 36. Bb3 Bd3 37. d6+ Ke8 38. Be6 Bb5 39. Kc2 Bd7 40.
Kd3 1-0

[Event "European Youth Chess Championship B10"]
[Site "Prague, Top Hotel Prague"]
[Date "2016.08.20"]
[Round "3.15"]
[White "Pidluznij, Gleb"]
[Black "Pasztor, Balazs"]
[Result "1-0"]
[WhiteElo "1617"]
[BlackElo "1825"]
[PlyCount "103"]
[EventDate "2016.08.18"]

1. d4 d5 2. Bf4 Nf6 3. e3 c5 4. c3 Qb6 5. Qb3 Nc6 6. Nf3 c4 7. Qc2 Bf5 8. Qc1
e6 9. h3 Be7 10. Nbd2 O-O 11. Be2 Qa5 12. O-O b5 13. b4 Nxb4 14. cxb4 Bxb4 15.
a3 Be7 16. a4 b4 17. Ne5 Rfc8 18. Bf3 Qa6 19. Re1 b3 20. Be2 Qb7 21. Ndxc4 dxc4
22. Nxc4 Qb4 23. f3 b2 24. Qxb2 Rxc4 25. Qxb4 Rxb4 26. e4 Bg6 27. Be3 Nd7 28.
Rec1 Rb3 29. Bf2 Rb2 30. Kf1 Bg5 31. Rc7 Nf6 32. g3 Bh5 33. h4 Nxe4 34. hxg5
Nxg5 35. g4 Bg6 36. Be3 h6 37. Rac1 Rbb8 38. Bb5 Rf8 39. Kf2 a6 40. Bc6 Rab8
41. Bb7 a5 42. R1c5 f5 43. Rxa5 Nh7 44. gxf5 Bxf5 45. Rb5 Nf6 46. Ke2 Nd5 47.
Bxd5 Rxb5 48. axb5 exd5 49. b6 Rb8 50. b7 Kh7 51. Bf4 Re8+ 52. Be5 1-0

[Event "European Youth Chess Championship B10"]
[Site "Prague, Top Hotel Prague"]
[Date "2016.08.20"]
[Round "3.16"]
[White "Silich, Yahor"]
[Black "Creanga, Robert-Ionut"]
[Result "1-0"]
[WhiteElo "1639"]
[BlackElo "1809"]
[PlyCount "85"]
[EventDate "2016.08.18"]

1. e4 c5 2. Nf3 e6 3. d3 Nc6 4. g3 d6 5. Bg2 g6 6. O-O Bg7 7. c3 Nge7 8. d4
cxd4 9. cxd4 d5 10. exd5 Nxd5 11. Nc3 O-O 12. Nxd5 exd5 13. h3 Qb6 14. Be3 Qxb2
15. a4 Qb6 16. Qd2 Be6 17. Rab1 Qc7 18. Bh6 Rfe8 19. Rfc1 Qd7 20. Kh2 Rac8 21.
Qf4 Bxh6 22. Qxh6 f6 23. g4 Rc7 24. Qf4 Kg7 25. Ne1 Rcc8 26. Kg1 Na5 27. Nd3 b6
28. g5 Qf7 29. Nb4 Rcd8 30. Rc7 Re7 31. Rbc1 Nc4 32. Rxe7 Qxe7 33. Nc6 fxg5 34.
Qg3 Qd6 35. Nxd8 Qxd8 36. Re1 Bf7 37. Qf3 Qd7 38. Qe2 Qxa4 39. Qe7 Qa5 40. Kh2
a6 41. Re6 Qb5 42. Qf6+ Kg8 43. Re7 1-0

[Event "European Youth Chess Championship B10"]
[Site "Prague, Top Hotel Prague"]
[Date "2016.08.20"]
[Round "3.17"]
[White "Levin, Guy"]
[Black "Samadov, Read"]
[Result "0-1"]
[WhiteElo "1774"]
[BlackElo "1611"]
[PlyCount "68"]
[EventDate "2016.08.18"]

1. e4 c5 2. Nc3 d6 3. g3 Nc6 4. Bg2 g6 5. d3 Bg7 6. Be3 e5 7. Qd2 Be6 8. h3 Nd4
9. Nd1 Ne7 10. c3 Ndc6 11. Bh6 O-O 12. Bxg7 Kxg7 13. h4 h6 14. h5 g5 15. f4
gxf4 16. gxf4 f5 17. Ne2 Qd7 18. Nf2 d5 19. Qe3 d4 20. Qd2 Kh7 21. fxe5 Nxe5
22. Nf4 Rg8 23. Ke2 c4 24. cxd4 cxd3+ 25. Kf1 Nc4 26. Qxd3 Nxb2 27. Qd2 Nc4 28.
Qe2 Qxd4 29. Re1 Nd2+ 30. Kg1 Nxe4 31. Nxe6 Rxg2+ 32. Kxg2 Rg8+ 33. Ng4 Rxg4+
34. Qxg4 Qf2+ 0-1

[Event "European Youth Chess Championship B10"]
[Site "Prague, Top Hotel Prague"]
[Date "2016.08.20"]
[Round "3.18"]
[White "Hak, David"]
[Black "Stefanou, Dimitrios"]
[Result "1-0"]
[WhiteElo "1747"]
[BlackElo "1439"]
[PlyCount "31"]
[EventDate "2016.08.18"]

1. e4 e5 2. f4 exf4 3. Nf3 h6 4. h4 d6 5. d4 Nf6 6. Nc3 Be7 7. Bxf4 Bg4 8. Bc4
O-O 9. Qd2 c6 10. Bxh6 gxh6 11. Qxh6 Qa5 12. Ng5 Bh5 13. g4 Bg6 14. Qxg6+ Kh8
15. Bxf7 Qxc3+ 16. bxc3 1-0

[Event "European Youth Chess Championship B10"]
[Site "Prague, Top Hotel Prague"]
[Date "2016.08.20"]
[Round "3.20"]
[White "Navumenka, Mikhei"]
[Black "Aguado, Doncel Pablo Luis"]
[Result "1-0"]
[WhiteElo "1681"]
[BlackElo "1514"]
[PlyCount "79"]
[EventDate "2016.08.18"]

1. e4 e5 2. Nf3 Nf6 3. Nxe5 d6 4. Nf3 Nxe4 5. Nc3 Nf6 6. d4 Be7 7. Bd3 O-O 8.
h3 Nbd7 9. Be3 b6 10. Qd2 Bb7 11. O-O-O a6 12. Rhg1 b5 13. Nh2 b4 14. Ne2 a5
15. g4 c5 16. dxc5 Nxc5 17. Bxc5 dxc5 18. g5 Ne4 19. Qe3 Nd6 20. Kb1 Qc7 21.
Ng3 c4 22. Be2 c3 23. b3 a4 24. Bd3 axb3 25. cxb3 Rxa2 26. Kxa2 Qa5+ 27. Kb1
Ra8 28. Bxh7+ Kh8 29. Kc2 Qa2+ 30. Kd3 Ba6+ 31. Kd4 Nb5+ 32. Ke4 Bb7+ 33. Kf4
Re8 34. Bb1 Qxb3 35. Qd3 Bxg5+ 36. Kxg5 f6+ 37. Kh5 Qf7+ 38. Qg6 Re5+ 39. Kh4
Qc4+ 40. Ng4 1-0

[Event "European Youth Chess Championship B10"]
[Site "Prague, Top Hotel Prague"]
[Date "2016.08.20"]
[Round "3.22"]
[White "Bobkov, Timofey"]
[Black "Caliskan, Seha"]
[Result "1-0"]
[WhiteElo "1243"]
[BlackElo "1645"]
[PlyCount "109"]
[EventDate "2016.08.18"]

1. e4 c6 2. d4 d5 3. exd5 cxd5 4. Bf4 Nc6 5. Be2 Qb6 6. Nc3 Qxd4 7. Nxd5 e5 8.
Qxd4 Nxd4 9. Bxe5 Nxc2+ 10. Kd2 Nxa1 11. Nc7+ Kd8 12. Nxa8 Bb4+ 13. Kd1 Bf5 14.
Bxg7 Bc2+ 15. Kc1 Be7 16. Kd2 Bg5+ 17. Ke1 Bf6 18. Bxh8 Bxh8 19. h4 Bxb2 20.
Rh3 Nf6 21. Bd3 Kc8 22. Bxc2 Nxc2+ 23. Kd2 Nb4 24. Rb3 Be5 25. Rxb4 Kb8 26. Nf3
Bd6 27. Rc4 Kxa8 28. Kd1 Be7 29. Ng5 a6 30. Nxf7 b6 31. Ne5 Bc5 32. Rf4 Nd5 33.
Rf7 h5 34. Nc6 b5 35. Rf5 Nc3+ 36. Kc2 Na4 37. Rxh5 Bxf2 38. Rh7 Bb6 39. h5 Nc5
40. h6 Ne6 41. Rh8+ Kb7 42. h7 Kxc6 43. Rc8+ Kd7 44. h8=R Bd4 45. Rce8 Kd6 46.
Rh6 Ke5 47. Rexe6+ Kf4 48. Rc6 Bf2 49. Rcf6+ Kg3 50. Rhg6+ Kh2 51. Rxf2 b4 52.
Rf1 b3+ 53. axb3 a5 54. Rf3 a4 55. Rh3+ 1-0

[Event "European Youth Chess Championship B10"]
[Site "Prague, Top Hotel Prague"]
[Date "2016.08.20"]
[Round "3.23"]
[White "Maurizzi, Marc Andria"]
[Black "Kabadayi, Suleyman Arda"]
[Result "0-1"]
[WhiteElo "1824"]
[BlackElo "1487"]
[PlyCount "98"]
[EventDate "2016.08.18"]

1. e4 e6 2. d3 d5 3. Nd2 c5 4. Ngf3 Nc6 5. g3 Nf6 6. Bg2 Be7 7. O-O b6 8. Re1
Bb7 9. Qe2 Nb4 10. e5 Nxc2 11. exf6 Bxf6 12. Rb1 Nxe1 13. Nxe1 O-O 14. f4 Qd7
15. Ndf3 Ba6 16. b3 Bc3 17. Bb2 Bxb2 18. Rxb2 Rac8 19. Rd2 Qe7 20. Ne5 Rc7 21.
N1f3 h6 22. Nh4 Rfc8 23. f5 c4 24. fxe6 fxe6 25. h3 cxd3 26. Nxd3 Rc1+ 27. Kh2
Bxd3 28. Rxd3 R8c2 29. Qe5 Qf6 30. Qd6 Rc6 31. Qd7 R6c2 32. Qd6 Rc6 33. Qf4
Qxf4 34. gxf4 R6c3 35. Rd2 R1c2 36. Rd1 Rxa2 37. Re1 Kf7 38. Kh1 d4 39. f5 exf5
40. Bd5+ Kf6 41. Nf3 Re3 42. Rc1 Rc3 43. Re1 Re3 44. Rc1 d3 45. Rc6+ Ke7 46.
Rg6 Ra1+ 47. Kg2 Ra2+ 48. Kh1 d2 49. Nxd2 Rxd2 0-1

[Event "European Youth Chess Championship B10"]
[Site "Prague, Top Hotel Prague"]
[Date "2016.08.20"]
[Round "3.24"]
[White "Dudarev, Vladislav"]
[Black "Aliyev, Farid"]
[Result "1-0"]
[WhiteElo "1821"]
[BlackElo "1482"]
[PlyCount "84"]
[EventDate "2016.08.18"]

1. Nf3 e6 2. c4 Nc6 3. e4 Nge7 4. d4 d5 5. e5 Nf5 6. c5 a6 7. Be2 b6 8. b4 Bd7
9. a3 b5 10. Nc3 f6 11. exf6 Qxf6 12. Bg5 Qf7 13. O-O Be7 14. Bxe7 Qxe7 15. Re1
Qf6 16. Bd3 Kf7 17. Bxf5 Qxf5 18. Ne5+ Nxe5 19. Rxe5 Qg6 20. Qf3+ Qf6 21. Qe3
Rhf8 22. Ne2 Kg8 23. Ng3 Qf4 24. Qxf4 Rxf4 25. Ne2 Rf6 26. g3 Raf8 27. Nf4 h6
28. Nd3 c6 29. Re2 Kf7 30. Ne5+ Ke7 31. Nxd7 Kxd7 32. Rae1 Kd8 33. f4 Kc7 34.
Kg2 a5 35. Ra1 Ra8 36. Rea2 Ra7 37. a4 axb4 38. axb5 Rb7 39. b6+ Kd8 40. Ra8+
Kd7 41. R8a7 Kc8 42. Rxb7 Kxb7 {Scoresheet un-readable} 1-0

[Event "European Youth Chess Championship B10"]
[Site "Prague, Top Hotel Prague"]
[Date "2016.08.20"]
[Round "3.25"]
[White "Krupa, Miroslav"]
[Black "Kopaloff, Liam"]
[Result "0-1"]
[WhiteElo "1808"]
[BlackElo "1479"]
[PlyCount "94"]
[EventDate "2016.08.18"]

1. e4 e5 2. Nf3 Nf6 3. Nxe5 Nxe4 4. Qe2 Qe7 5. Qxe4 d6 6. d4 dxe5 7. dxe5 Nc6
8. Nc3 Qb4 9. Qxb4 Bxb4 10. Bb5 Bd7 11. O-O O-O-O 12. Re1 Bf5 13. Bg5 Bxc3 14.
bxc3 Rd5 15. c4 Rxe5 16. Rxe5 Nxe5 17. Re1 f6 18. Bf4 Ng6 19. Bg3 Bxc2 20. h4
c6 21. h5 Nf8 22. Re8+ Kd7 23. Re2 cxb5 24. Rxc2 Ne6 25. cxb5 Rc8 26. Rd2+ Ke7
27. Kh2 Rd8 28. Rxd8 Kxd8 29. Bb8 a6 30. bxa6 bxa6 31. Kg3 Nd4 32. Ba7 Nb5 33.
Bc5 Nc3 34. a3 Ne4+ 35. Kf4 Nxc5 36. g4 Ke7 37. Kf5 Nd3 38. f4 a5 39. g5 fxg5
40. Kxg5 a4 41. h6 g6 42. f5 gxf5 43. Kxf5 Ne1 44. Ke4 Nc2 45. Kd3 Nxa3 46. Kc3
Nb5+ 47. Kb4 a3 0-1

[Event "European Youth Chess Championship B10"]
[Site "Prague, Top Hotel Prague"]
[Date "2016.08.20"]
[Round "3.26"]
[White "Anghel, Iulian-Mihai"]
[Black "Prieb, Robert"]
[Result "1-0"]
[WhiteElo "1777"]
[BlackElo "1470"]
[PlyCount "103"]
[EventDate "2016.08.18"]

1. d4 Nf6 2. Nf3 g6 3. Nbd2 d5 4. e3 Bg7 5. b4 O-O 6. c4 b6 7. Ba3 Re8 8. Rc1
Bb7 9. Be2 Nbd7 10. Bb2 Ne4 11. Qc2 Nxd2 12. Qxd2 e5 13. O-O e4 14. Ne1 c6 15.
cxd5 cxd5 16. Nc2 f5 17. b5 Nf6 18. Nb4 Rc8 19. Rxc8 Qxc8 20. Rc1 Qd7 21. Nc6
Bxc6 22. bxc6 Qd6 23. Ba6 Re7 24. Qc3 Rc7 25. Ba3 Qe6 26. Bb7 Ne8 27. Qb4 Qf6
28. Qb5 Qe6 29. Qa4 Bf8 30. Bxf8 Kxf8 31. Qxa7 Qd6 32. Qxb6 Qa3 33. Qc5+ Qxc5
34. dxc5 Ke7 35. a4 f4 36. a5 fxe3 37. fxe3 d4 38. a6 d3 39. a7 d2 40. Rd1 Rc8
41. Bxc8 Nc7 42. Rxd2 Kf6 43. Rd7 Na8 44. Bb7 g5 45. Bxa8 g4 46. c7 g3 47. c8=Q
gxh2+ 48. Kxh2 Ke6 49. Qe8+ Kf6 50. Rf7+ Kg6 51. Qg8+ Kh5 52. Rxh7# 1-0

[Event "European Youth Chess Championship B10"]
[Site "Prague, Top Hotel Prague"]
[Date "2016.08.20"]
[Round "3.27"]
[White "Korsinskij, Marek"]
[Black "Hrbek, Stepan"]
[Result "0-1"]
[WhiteElo "1468"]
[BlackElo "1760"]
[PlyCount "76"]
[EventDate "2016.08.18"]

1. e4 c5 2. Nf3 e6 3. d4 cxd4 4. Nxd4 Nf6 5. Nc3 Nc6 6. Bc4 Bb4 7. Nxc6 bxc6 8.
O-O d5 9. exd5 cxd5 10. Bb5+ Bd7 11. Bd3 O-O 12. Qf3 Bc6 13. Qh3 e5 14. f3 e4
15. Be2 Qb6+ 16. Kh1 e3 17. Bd3 d4 18. Ne4 Nxe4 19. fxe4 Bb5 20. c4 Bc6 21. a3
Be7 22. e5 g6 23. e6 f5 24. b4 Bb7 25. Bb2 Rad8 26. Rf4 Bg5 27. c5 Qxe6 28.
Rxd4 Rxd4 29. Bxd4 Rd8 30. b5 Rxd4 31. c6 Bc8 32. Qg3 Rxd3 33. Re1 Bf6 34. a4
Bc3 35. b6 Bxe1 36. Qxe1 e2 37. b7 Rd1 38. Qxd1 exd1=Q# 0-1

[Event "European Youth Chess Championship B10"]
[Site "Prague, Top Hotel Prague"]
[Date "2016.08.20"]
[Round "3.28"]
[White "Wojdak, Jan"]
[Black "Pistalovic, Slobodan"]
[Result "1-0"]
[WhiteElo "1681"]
[BlackElo "1458"]
[PlyCount "79"]
[EventDate "2016.08.18"]

1. e4 c6 2. d4 d5 3. Nc3 dxe4 4. Nxe4 Nf6 5. Nxf6+ exf6 6. c3 Bf5 7. Bd3 Bxd3
8. Qxd3 Bd6 9. Nf3 O-O 10. Be3 Re8 11. O-O c5 12. Rfd1 Qc7 13. dxc5 Bxc5 14.
Qb5 Na6 15. Rd7 Qb6 16. Qxb6 axb6 17. Rxb7 Bxe3 18. fxe3 Rab8 19. Rxb8 Rxb8 20.
Rd1 Nc5 21. Rd4 h6 22. Nd2 Kf8 23. Ne4 Ne6 24. Rb4 Ng5 25. Nxg5 hxg5 26. c4 Ra8
27. a3 Rc8 28. b3 Rc6 29. Rb5 Ke7 30. Rd5 Rd6 31. Rxd6 Kxd6 32. b4 f5 33. Kf2
g4 34. Ke2 g5 35. Kd3 f6 36. Kd4 Kc6 37. g3 b5 38. cxb5+ Kxb5 39. Kd5 f4 40.
exf4 1-0

[Event "European Youth Chess Championship B10"]
[Site "Prague, Top Hotel Prague"]
[Date "2016.08.20"]
[Round "3.29"]
[White "Bui, Bao Anh Le"]
[Black "Gres, Michal"]
[Result "1-0"]
[WhiteElo "1659"]
[BlackElo "1452"]
[PlyCount "97"]
[EventDate "2016.08.18"]

1. e4 e5 2. Nf3 Nc6 3. Bc4 Nf6 4. d3 Be7 5. c3 O-O 6. Bb3 d6 7. Nbd2 Na5 8. Bc2
c5 9. O-O b5 10. d4 Qc7 11. Re1 Re8 12. Nf1 Bf8 13. Bg5 Qd8 14. Ne3 Bd7 15. Nd5
Be7 16. Nxf6+ Bxf6 17. Bxf6 Qxf6 18. dxe5 Qe6 19. exd6 Nc4 20. Bb3 a5 21. Bxc4
bxc4 22. Qd2 Rad8 23. Rad1 Bc6 24. Qf4 Qg6 25. Ne5 Rxe5 26. Qxe5 Re8 27. Qf5
Qxf5 28. exf5 Rd8 29. Re7 Kf8 30. Rc7 Be4 31. Rxc5 Bc2 32. Rd2 Re8 33. f3 Ba4
34. Rxa5 Bd7 35. Ra7 Rd8 36. Rc7 Bxf5 37. d7 Ke7 38. Rxc4 Rxd7 39. Rxd7+ Kxd7
40. a4 Be6 41. b3 Bxc4 42. bxc4 Kc7 43. Kf2 Kb6 44. Ke3 f5 45. Kd4 g5 46. c5+
Kc6 47. a5 Kc7 48. Kd5 h5 49. a6 1-0

[Event "European Youth Chess Championship B10"]
[Site "Prague, Top Hotel Prague"]
[Date "2016.08.20"]
[Round "3.30"]
[White "Aslanov, Umid"]
[Black "Christodoulou, Panormitis"]
[Result "1-0"]
[WhiteElo "1651"]
[BlackElo "1448"]
[PlyCount "165"]
[EventDate "2016.08.18"]

1. e4 c5 2. Nf3 d6 3. d4 cxd4 4. Nxd4 Nf6 5. Nc3 Nc6 6. Bc4 e6 7. Bb3 Be7 8.
O-O O-O 9. Be3 Bd7 10. Ndb5 Be8 11. Bg5 a6 12. Bxf6 gxf6 13. Nd4 Nxd4 14. Qxd4
Kh8 15. f4 Rg8 16. f5 Bd7 17. Qe3 Rg5 18. fxe6 fxe6 19. Qf3 Qg8 20. Ne2 Bb5 21.
c4 Bd7 22. Nf4 Qf7 23. Nh3 Rg6 24. Kh1 Rag8 25. Nf4 Rg5 26. Rf2 R8g7 27. Rc1 a5
28. Bc2 Bc6 29. Qh3 Bd7 30. Qf3 Bc6 31. Re1 e5 32. Nd5 Bxd5 33. cxd5 Rg8 34.
Qe3 Bd8 35. Bd3 b6 36. Rc1 Bc7 37. Rc6 Qe7 38. Rfc2 Bd8 39. Qh3 Rg4 40. Rf2
R8g7 41. Rc8 Rg8 42. Rc6 R8g7 43. Rcc2 Rg8 44. Rf5 R4g5 45. Rxg5 Rxg5 46. Qe3
Rg7 47. Qh3 Kg8 48. Rc8 Kh8 49. Qe6 Qf8 50. Be2 Rc7 51. Rxc7 Bxc7 52. Bg4 Bd8
53. Qc8 Qe7 54. Bd7 Kg7 55. Kg1 Kh8 56. Kf1 Qf8 57. Ke2 Be7 58. Qxf8+ Bxf8 59.
Kd3 Kg7 60. Kc4 Be7 61. Kb5 Bd8 62. Kc6 Kf7 63. Kxd6 h6 64. Be6+ Ke8 65. Bg4 b5
66. Bh5+ Kf8 67. Kd7 Bb6 68. Kc6 Bd8 69. Kxb5 f5 70. exf5 Kg7 71. Bg4 Kf6 72.
h4 e4 73. Kc6 h5 74. Bxh5 Kxf5 75. g4+ Kf4 76. g5 Kg3 77. g6 Bf6 78. d6 Kxh4
79. d7 Kxh5 80. g7 Bxg7 81. d8=Q Bxb2 82. Qe8+ Kg5 83. Qe7+ 1-0

[Event "European Youth Chess Championship B10"]
[Site "Prague, Top Hotel Prague"]
[Date "2016.08.20"]
[Round "3.31"]
[White "Sorensen, Marius Boss"]
[Black "Palchuk, Andrii"]
[Result "0-1"]
[WhiteElo "1447"]
[BlackElo "1649"]
[PlyCount "136"]
[EventDate "2016.08.18"]

1. e4 c5 2. Nc3 d6 3. f4 g6 4. Bc4 Bg7 5. Nf3 Nc6 6. O-O e6 7. d3 Nge7 8. Qe1
O-O 9. f5 d5 10. Bb3 dxe4 11. Nxe4 Nxf5 12. Nxc5 Qb6 13. Be3 Nxe3 14. Qxe3 Bxb2
15. Rab1 Ba3 16. d4 Nxd4 17. Nxd4 Bxc5 18. c3 Qc7 19. Rbe1 Bd7 20. Kh1 Rae8 21.
Qh6 Bxd4 22. cxd4 Bc6 23. Re3 Bd5 24. Rg1 f5 25. Rge1 Bxb3 26. axb3 Qd7 27. Qf4
a6 28. Rc1 Rc8 29. Rce1 Rc6 30. Rf1 Rd6 31. Rd1 Rc8 32. Red3 b5 33. Qd2 Rd5 34.
h3 Rd8 35. Qa5 Rd6 36. Qa2 Rc8 37. Qe2 a5 38. Qa2 Ra8 39. Qe2 Kf7 40. Qe3 Ra7
41. Qh6 Kg8 42. Qe3 a4 43. bxa4 Rxa4 44. Kh2 Qc7 45. Qe5 Rd7 46. Qxc7 Rxc7 47.
Re3 Kf7 48. Rde1 Ra6 49. Rb3 Rb6 50. Reb1 Rcb7 51. Rb4 Ke7 52. Kg3 g5 53. Kf3
Kd6 54. g4 Kd5 55. Kg3 Kd6 56. Ra1 Rc6 57. Rab1 Rc3+ 58. Kg2 Rc2+ 59. Kf3 Rc3+
60. Kg2 fxg4 61. hxg4 Kc6 62. Re1 Kd6 63. Re5 Ra7 64. Rb2 b4 65. Rxg5 b3 66.
Rb5 Rc2+ 67. Rxc2 bxc2 68. Rc5 Rc7 0-1

[Event "European Youth Chess Championship B10"]
[Site "Prague, Top Hotel Prague"]
[Date "2016.08.20"]
[Round "3.33"]
[White "Rousis, Chrysostomos"]
[Black "Eilenberg, Jonas"]
[Result "1/2-1/2"]
[WhiteElo "1443"]
[BlackElo "1634"]
[PlyCount "40"]
[EventDate "2016.08.18"]

1. e4 e5 2. Nf3 Nc6 3. Bb5 Nf6 4. d3 d6 5. c3 Bd7 6. O-O Be7 7. Re1 O-O 8. Nbd2
a6 9. Ba4 b5 10. Bc2 Re8 11. Nf1 b4 12. Ng3 Bf8 13. d4 exd4 14. cxd4 Bg4 15.
Ba4 Bd7 16. Qc2 Ne7 17. Bxd7 Nxd7 18. Bf4 g6 19. Rac1 Ra7 20. e5 Nc8 1/2-1/2

[Event "European Youth Chess Championship B10"]
[Site "Prague, Top Hotel Prague"]
[Date "2016.08.20"]
[Round "3.34"]
[White "Han, Yichen"]
[Black "Korsinskij, Nikolas"]
[Result "1-0"]
[WhiteElo "1627"]
[BlackElo "1442"]
[PlyCount "81"]
[EventDate "2016.08.18"]

1. e4 c5 2. Nf3 e6 3. d4 cxd4 4. Nxd4 a6 5. Bd3 Ne7 6. O-O Nbc6 7. Nxc6 bxc6 8.
f4 Ng6 9. Qe2 Qb6+ 10. Kh1 Bc5 11. c4 O-O 12. Nc3 Bd4 13. Rb1 Bb7 14. e5 f6 15.
exf6 gxf6 16. Bd2 f5 17. Na4 Qa7 18. b4 c5 19. bxc5 Nh4 20. Rg1 Bxg1 21. Rxg1
Ng6 22. Be3 Qb8 23. Nb6 Ra7 24. Qf2 Bc6 25. h4 Qd8 26. h5 Qh4+ 27. Qxh4 Nxh4
28. Bf2 Bxg2+ 29. Rxg2+ Nxg2 30. Kxg2 Rb7 31. Bd4 Rc7 32. Be5 Rb7 33. Be2 Kf7
34. Bf3 Rg8+ 35. Kf2 Ra7 36. c6 dxc6 37. Bxc6 a5 38. Bf3 Ra6 39. c5 Rd8 40. Ke3
a4 41. Bb7 1-0

[Event "European Youth Chess Championship B10"]
[Site "Prague, Top Hotel Prague"]
[Date "2016.08.20"]
[Round "3.35"]
[White "Fatalizade, Murad"]
[Black "Zachary, Bastian"]
[Result "1/2-1/2"]
[WhiteElo "1440"]
[BlackElo "1621"]
[PlyCount "74"]
[EventDate "2016.08.18"]

1. e4 e5 2. Nf3 Nc6 3. d4 exd4 4. Bf4 Nf6 5. e5 d5 6. Bb5 Ne4 7. Nxd4 Bd7 8.
Bxc6 bxc6 9. O-O Bc5 10. Be3 Bb6 11. c3 c5 12. Nc2 Bc6 13. Qc1 h6 14. f3 Ng5
15. Bf2 Qe7 16. Bg3 Qd7 17. Nd2 a5 18. f4 c4+ 19. Nd4 Ne6 20. N2f3 Nc5 21. Kh1
Ne4 22. Nxc6 Nxg3+ 23. hxg3 Qxc6 24. f5 O-O-O 25. b3 Rde8 26. Qd2 Rd8 27. Rac1
Rhe8 28. Qf4 Kb7 29. Rfd1 Rc8 30. Nd4 Bxd4 31. Rxd4 cxb3 32. axb3 Qb6 33. Rb1
c5 34. Rdd1 Rc6 35. b4 axb4 36. cxb4 c4 37. Qg4 Rg8 1/2-1/2

[Event "European Youth Chess Championship B10"]
[Site "Prague, Top Hotel Prague"]
[Date "2016.08.20"]
[Round "3.36"]
[White "Akin, Yagiz Cinar"]
[Black "Vergara, Anton Diego"]
[Result "1-0"]
[WhiteElo "1607"]
[BlackElo "1436"]
[PlyCount "51"]
[EventDate "2016.08.18"]

1. e4 c5 2. c3 Nf6 3. e5 Nd5 4. d4 cxd4 5. cxd4 Nc6 6. Nf3 d6 7. Bc4 Nb6 8. Bb3
dxe5 9. Nxe5 Nxe5 10. dxe5 Qxd1+ 11. Bxd1 Bf5 12. O-O e6 13. Nc3 Bb4 14. Be2
O-O 15. Nb5 Nd5 16. a3 Be7 17. Nd4 Bg6 18. b4 Rfd8 19. Bb2 Rac8 20. Bf3 Rd7 21.
Bg4 h5 22. Bf3 Bg5 23. Bxd5 Rxd5 24. Nf3 Bh6 25. Bc1 Bxc1 26. Raxc1 {time} 1-0